Statistics for Venezuelan States along the Coastline and Border / Estados de Venezuela la lo largo de la Costa y la Frontera

Click here to take the quiz!

General Stats

  • This quiz has been taken 55 times
    (12 since last reset)
  • The average score is 14 of 20

Answer Stats

Answer / Respuesta% Correct
Falcón
100%
Anzoategui
88%
Aragua
88%
Carabobo
88%
Sucre
88%
Yaracuy
88%
Amazonas
75%
Bolívar
75%
Delta Amacuro
75%
Miranda
75%
Monagas
75%
Vargas
75%
Apure
50%
Bolívar
50%
Mérida
50%
Táchira
50%
Zulia (Colón)
50%
Zulia (Costa Occidental)
50%
Zulia (Costa Oriental)
50%
Trujillo
38%

Score Distribution

Percentile by Number Answered

Percent of People with Each Score

Your Score History

You have not taken this quiz since the last reset